000 01680nam a2200265 i 4500
003 DO-SdBNP
005 20240604142143.0
006 a||||gr|||| 00| 0
007 ta
008 240529m19821986dr ||||| |||| 00| 0 spa d
040 _aDO-SdBNP
_bspa
_cBNPHU
_erda
082 4 _222
_bJ826g
100 1 _aJorge Blanco, Salvador,
_d1926-2000
_945829
_eautor
245 1 0 _aGobierno de Concentración Nacional:
_bprograma de gobierno /
_cSalvador Jorge blanco.
264 _a[Santo Domingo] :
_b[no identificado],
_c[1882 - 1986]
300 _a77 páginas :
_bilustraciones, retrato ;
_c29 cm.
336 _2rdacontent
_atexto
_btxt
337 _2rdamedia
_asin mediación
_bn
338 _2rdacarrier
_avolumen
_bnc
500 _aSalvador Jorge Blanco, Presidente 82-86. Partido Revolucionario Dominicano.
505 _aFundamento del programa.-- El Principio de la No-reelección.
_gCapítulo I.
_tDe la Organización del Estado.--
_gCapítulo II.
_tDe los Sectores Productivos Intertnos.--
_gCapítulo III.
_tDe los Servicios Sociales.--
_gCapítulo VI.
_tDe las Relaciones Laborales.--
_gCapítulo V.
_tTransporte y Comunicaciones.--
_gCapítulo VI.
_tDe la Construcción.--
_gCapítulo VII.
_tDe las Relaciones Internacionales.--
_gCapítulo VIII.
_tDe la Administración de la Justicia.--
_gCapítulo IX.
_tPolítica de Empleo.--
_gCapítulo X.
_tPolítica para el Control de la Inflacción.--
_gCapítulo XI.
_tDe las Fuerzas Armadas y la Policía Nacional.--
_gCapítulo XII.
_tDe la Moral Pública.--
_gCapítulo XIII.
_tLas Medidas Salvadoras.
590 _aInventariado 2024 / MF
600 1 0 _aJorge Blanco, Salvador,
_d1926-2010
_930551
_tPrograma de Gobierno
_zRepública Dominicana
942 _2ddc
_cLBS1
999 _c56776
_d56776